000 00389nam a2200133Ia 4500
008 231017s9999 xx 000 0 und d
082 _a363.12
082 _bLON
245 3 _aAn analysis of the significant decline in motor vehicle traffic facilities in 2008
245 0 _cUS Department of Transportation
260 _bUS Department of Transportation
300 _c30cm
942 _cREP
999 _c605476
_d605476